Manual de ahorro de energía en la industria

Tallennettuna:
Bibliografiset tiedot
Yhteisötekijät: CORFO (Tekijä), INTEC (Tekijä)
Aineistotyyppi: Kirja
Kieli:espanja
Julkaistu: Santiago CORFO 1978
Aiheet:
Tagit: Lisää tagi
Ei tageja, Lisää ensimmäinen tagi!

MARC

LEADER 00000nam a2200000 a 4500
001 UCW1951
003 CL-VaPUC
008 890529e19780000CL |||||||||||||||||spa|d
082 0 4 |a 333.79  |b COR  |2 21 
110 2 |a CORFO  |e author  |9 305934 
710 2 |a INTEC  |e author  |9 305935 
245 1 0 |a Manual de ahorro de energía en la industria 
300 |a 202 p 
942 |c BK 
945 |d 19890529 00:00:00 
260 |a Santiago  |b CORFO  |c 1978 
650 7 |a CONSUMO DE ENERGIA  |2 CL-VaPUC  |9 271590 
650 0 |a Ahorro de energía  |9 271591 
583 |a last modification  |c 20170807 12:53:05  |k Rodrigo Vera 
999 |c 216653  |d 216651 
952 |0 0  |1 0  |4 0  |6 333_790000000000000_COR_1978  |7 0  |8 A  |9 202564  |a BIBING  |b BIBING  |d 2019-11-14  |i 1666258  |o 333.79 COR 1978  |p 1666258  |r 2025-01-20  |w 2019-11-14  |y BK  |k ING